[Event "4NCL/Div3/WWKS vs. WES2"]
[Site "Sunningdale ENG"]
[Date "2007.09.16"]
[Round "2.3"]
[White "James, Russell A"]
[Black "Pleasants, Allan J"]
[Result "1-0"]
[WhiteElo "2238"]
[BlackElo "2098"]
[PlyCount "129"]
[EventDate "2007.09.16"]
[EventType "team"]
[EventRounds "11"]
[EventCountry "ENG"]
[SourceDate "2007.09.15"]
[WhiteTeam "Warwickshire Select"]
[BlackTeam "Wessex 2"]

1. e4 g6 2. d4 Bg7 3. Nc3 c6 4. Nf3 d5 5. h3 dxe4 6. Nxe4 Bf5 7. Ng3 Nf6 8.
Nxf5 Qa5+ 9. Bd2 Qxf5 10. Bd3 Qe6+ 11. Be2 Nbd7 12. O-O Qd6 13. c4 O-O 14. Qc2
e5 15. dxe5 Nxe5 16. Be3 Rfe8 17. Rfd1 Qc7 18. Nxe5 Qxe5 19. Bf3 Qc7 20. Rd2
Nd7 21. Rad1 Ne5 22. Be2 b6 23. c5 b5 24. Rd6 Bf8 25. R6d4 Rad8 26. Rxd8 Rxd8
27. Rxd8 Qxd8 28. f4 Nd7 29. b4 Qe7 30. Qd3 a5 31. a3 axb4 32. axb4 Nf6 33. Bf3
Qe6 34. g4 h5 35. f5 Qe5 36. Kg2 hxg4 37. hxg4 gxf5 38. gxf5 Qb2+ 39. Qd2 Qe5
40. Qd3 Qb2+ 41. Qd2 Qe5 42. Bxc6 Qxf5 43. Bf3 Ne4 44. Qd4 Qg6+ 45. Kf1 Ng3+
46. Kf2 Nf5 47. Qg4 Nxe3 48. Qxg6+ fxg6 49. Kxe3 Kf7 50. Bc6 Ke6 51. Ke4 Bg7
52. Bxb5 Bc3 53. Bc4+ Kd7 54. b5 Ba5 55. Kd5 Kc7 56. Be2 g5 57. Bg4 Bd2 58. b6+
Kb7 59. Kd6 Bb4 60. Bf3+ Kb8 61. Kc6 Kc8 62. Kb5 Bd2 63. Ka6 Kb8 64. Bg4 Be3
65. c6 1-0

[Event "4NCL/Div3/WWKS vs. WES2"]
[Site "Sunningdale ENG"]
[Date "2007.09.16"]
[Round "2.4"]
[White "Clark, Ian C"]
[Black "Pitcher, John"]
[Result "1/2-1/2"]
[WhiteElo "2104"]
[BlackElo "2195"]
[PlyCount "84"]
[EventDate "2007.09.16"]
[EventType "team"]
[EventRounds "11"]
[EventCountry "ENG"]
[SourceDate "2007.09.15"]
[WhiteTeam "Wessex 2"]
[BlackTeam "Warwickshire Select"]

1. e4 c5 2. Nf3 e6 3. d4 cxd4 4. Nxd4 a6 5. c3 Qc7 6. Be3 Nf6 7. Nd2 d5 8. Bd3
Nbd7 9. exd5 Nxd5 10. O-O Nc5 11. Bc2 e5 12. N4b3 Nxe3 13. fxe3 Be6 14. Qf3
Nxb3 15. Bxb3 Bxb3 16. axb3 Bc5 17. Ne4 O-O 18. Nxc5 Qxc5 19. Qxb7 Qxe3+ 20.
Kh1 Rad8 21. Qxa6 Qd2 22. Rae1 Qxb2 23. Rxe5 Qxc3 24. Re7 Qxb3 25. Qe2 Rd6 26.
Rexf7 Qxf7 27. Rxf7 Rxf7 28. h3 Rdf6 29. Kg1 h6 30. Qe8+ Kh7 31. Qe4+ g6 32.
Qe2 Rf5 33. Qe1 h5 34. Qe2 Rf4 35. Qe1 Rd4 36. Kh2 Rfd7 37. Qe3 Rd2 38. Qe6 Rb7
39. Qe4 Rf7 40. Qe6 Rff2 41. Qe7+ Kh6 42. Qe3+ Kg7 1/2-1/2

[Event "4NCL/Div3/WWKS vs. WES2"]
[Site "Sunningdale ENG"]
[Date "2007.09.16"]
[Round "2.5"]
[White "Shephard, Chris C W"]
[Black "Gregory, Keith D"]
[Result "1-0"]
[WhiteElo "2175"]
[BlackElo "2100"]
[PlyCount "113"]
[EventDate "2007.09.16"]
[EventType "team"]
[EventRounds "11"]
[EventCountry "ENG"]
[SourceDate "2007.09.15"]
[WhiteTeam "Warwickshire Select"]
[BlackTeam "Wessex 2"]

1. c4 d6 2. Nc3 g6 3. g3 Bg7 4. Bg2 Nf6 5. Nf3 O-O 6. O-O Nfd7 7. d3 Nc6 8. Rb1
h6 9. Ne1 Kh7 10. Bd2 e5 11. b4 Ne7 12. e4 f5 13. exf5 Nxf5 14. Nc2 a5 15. a3
axb4 16. axb4 c6 17. b5 c5 18. Ne3 Nd4 19. Ned5 Rf7 20. Be3 Nf8 21. Bxd4 cxd4
22. Ne4 Ne6 23. Ra1 Rxa1 24. Qxa1 Ng5 25. Nxg5+ Qxg5 26. Qa3 Bf5 27. Be4 Qd8
28. Re1 Qf8 29. Qa2 Bxe4 30. Rxe4 Qc8 31. Kg2 Rf8 32. Qe2 Qa8 33. h4 Qa3 34. h5
g5 35. Nc7 Rf7 36. Nd5 Qa8 37. Qg4 Qf8 38. Re2 Qe8 39. Ra2 Kh8 40. Re2 Rf8 41.
Ra2 Qf7 42. f3 e4 43. dxe4 Qe8 44. Kf2 Qe5 45. Rd2 d3 46. Kg2 Qd4 47. Qe6 Ra8
48. Kh3 g4+ 49. Kxg4 Qxc4 50. Nf4 Qxb5 51. Rxd3 Qg5+ 52. Kh3 Be5 53. Ng6+ Kg7
54. Qd7+ Kg8 55. Qe6+ Kg7 56. Qd7+ Kg8 57. Qg4 1-0

[Event "4NCL/Div3/WWKS vs. WES2"]
[Site "Sunningdale ENG"]
[Date "2007.09.16"]
[Round "2.6"]
[White "Yeo, Michael J"]
[Black "Baruch, Andrew J D"]
[Result "1-0"]
[WhiteElo "2153"]
[BlackElo "2082"]
[PlyCount "63"]
[EventDate "2007.09.16"]
[EventType "team"]
[EventRounds "11"]
[EventCountry "ENG"]
[SourceDate "2007.09.15"]
[WhiteTeam "Wessex 2"]
[BlackTeam "Warwickshire Select"]

1. e4 g6 2. d4 Bg7 3. Nc3 d6 4. f4 a6 5. Nf3 b5 6. Bd3 Nd7 7. e5 c5 8. Be4 Rb8
9. Be3 Nh6 10. dxc5 dxc5 11. Qd3 e6 12. O-O-O Qc7 13. Qd6 Qxd6 14. Rxd6 Nf5 15.
Bxf5 gxf5 16. Rhd1 Bf8 17. R6d2 Be7 18. Ne1 Rb7 19. g4 fxg4 20. Ne4 Rc7 21. Nd3
Kf8 22. f5 exf5 23. Bh6+ Ke8 24. Nd6+ Bxd6 25. exd6 Rc6 26. Re2+ Kd8 27. Bg5+
f6 28. Ne5 Rxd6 29. Rxd6 Kc7 30. Nxd7 fxg5 31. Red2 Rd8 32. Nf6 1-0

[Event "4NCL/Div3/WWKS vs. WES2"]
[Site "Sunningdale ENG"]
[Date "2007.09.16"]
[Round "2.7"]
[White "Addis, Mark"]
[Black "Pym, Thomas W"]
[Result "0-1"]
[WhiteElo "2090"]
[BlackElo "2073"]
[PlyCount "52"]
[EventDate "2007.09.16"]
[EventType "team"]
[EventRounds "11"]
[EventCountry "ENG"]
[SourceDate "2007.09.15"]
[WhiteTeam "Warwickshire Select"]
[BlackTeam "Wessex 2"]

1. d4 g6 2. c4 Bg7 3. Nc3 c5 4. e3 Nf6 5. d5 e6 6. Nf3 exd5 7. cxd5 d6 8. Be2
O-O 9. O-O Re8 10. Nd2 Na6 11. e4 Nc7 12. f3 Rb8 13. a4 b6 14. Re1 Nh5 15. Nf1
a6 16. g4 Nf6 17. Bg5 b5 18. axb5 axb5 19. Qd2 c4 20. Nd1 Na6 21. Bh6 Bh8 22.
Qf4 Nc5 23. Ng3 Nb3 24. Rb1 Nxd5 25. exd5 Be5 26. Qg5 Bf6 0-1

[Event "4NCL/Div3/WWKS vs. WES2"]
[Site "Sunningdale ENG"]
[Date "2007.09.16"]
[Round "2.8"]
[White "Norman, Dinah"]
[Black "Hale, Katie L W"]
[Result "1-0"]
[WhiteElo "1973"]
[BlackElo "1800"]
[PlyCount "93"]
[EventDate "2007.09.16"]
[EventType "team"]
[EventRounds "11"]
[EventCountry "ENG"]
[SourceDate "2007.09.15"]
[WhiteTeam "Wessex 2"]
[BlackTeam "Warwickshire Select"]

1. d4 e6 2. e4 d5 3. Nd2 Nf6 4. e5 Nfd7 5. Bd3 c5 6. c3 Nc6 7. Ne2 Qb6 8. Nf3
Be7 9. O-O f6 10. exf6 Nxf6 11. Re1 O-O 12. Nf4 Nd8 13. Qe2 Ne8 14. Nxd5 Qd6
15. Nxe7+ Qxe7 16. dxc5 Qxc5 17. Be3 Qh5 18. Ng5 Qxe2 19. Bxh7+ Kh8 20. Rxe2
Nf6 21. Bc2 Nd5 22. Bd4 Bd7 23. Re4 Rf4 24. Rxf4 Nxf4 25. Re1 Nc6 26. Bc5 Re8
27. Nf7+ Kg8 28. Ne5 Nxe5 29. Rxe5 b6 30. Bd4 Bc6 31. f3 Kf7 32. Kf2 Bd5 33. a3
Bc4 34. Rg5 g6 35. a4 Rg8 36. a5 Rb8 37. axb6 axb6 38. Be5 Nh3+ 39. gxh3 Rg8
40. h4 b5 41. h5 gxh5 42. Rxh5 Ke7 43. Rh7+ Kd8 44. Rh8 Rxh8 45. Bxh8 Ke7 46.
Bd4 Kf7 47. h4 1-0

[Event "4NCL/Div3/SLOS2 vs. SLOS3"]
[Site "Sunningdale ENG"]
[Date "2007.09.16"]
[Round "2.1"]
[White "Cox, Tristan"]
[Black "Varnam, Liam D"]
[Result "1/2-1/2"]
[WhiteElo "2146"]
[BlackElo "2033"]
[PlyCount "153"]
[EventDate "2007.09.16"]
[EventType "team"]
[EventRounds "11"]
[EventCountry "ENG"]
[SourceDate "2007.09.15"]
[WhiteTeam "Slough Sharks 2"]
[BlackTeam "Slough Sharks 3"]

1. Nf3 Nf6 2. c4 c6 3. d4 d5 4. Nc3 dxc4 5. e4 b5 6. e5 Nd5 7. a4 Nxc3 8. bxc3
e6 9. axb5 cxb5 10. Ng5 Bb7 11. Qh5 g6 12. Qg4 h6 13. Nh3 Qd5 14. Nf4 Qd7 15.
Be2 Na6 16. Bf3 Bxf3 17. Qxf3 Nc7 18. Qb7 a5 19. O-O Be7 20. d5 exd5 21. e6 Qd6
22. Ba3 b4 23. Bxb4 Qxf4 24. g3 Qf6 25. Qxc7 Bxb4 26. Qc6+ Ke7 27. Qb7+ Kf8 28.
Qxa8+ Kg7 29. Qxd5 Bxc3 30. Rac1 Bb4 31. exf7 c3 32. Rfd1 Rf8 33. Rd4 Qxf7 34.
Qe5+ Qf6 35. Rd7+ Rf7 36. Qxf6+ Kxf6 37. Rxf7+ Kxf7 38. Kf1 Ke6 39. Ke2 Ke5 40.
Kd3 Kf5 41. f3 Ke5 42. Kc4 Ke6 43. Re1+ Kf5 44. Re2 Kf6 45. Kd5 Ba3 46. Re6+
Kg5 47. Re5+ Kf6 48. Re2 Kf5 49. Kc4 Bb4 50. Rc2 Ke5 51. Re2+ Kf6 52. Ra2 Ke5
53. h3 Kf5 54. Rg2 Ke5 55. Rc2 Ke6 56. Rf2 Ke5 57. Rf1 Ke6 58. Re1+ Kf6 59. Re2
Kf5 60. Kb3 Kf6 61. Re4 Kf5 62. Rd4 Kf6 63. Rd5 Ke6 64. Rb5 Kf6 65. Rb6+ Kf7
66. Rc6 h5 67. f4 Kg7 68. Rb6 Kf7 69. Rb7+ Kf6 70. g4 hxg4 71. hxg4 Ke6 72. Ra7
Kf6 73. g5+ Kf5 74. Rf7+ Kg4 75. Rf6 Bc5 76. Rc6 Be3 77. f5 1/2-1/2

[Event "4NCL/Div3/SLOS2 vs. SLOS3"]
[Site "Sunningdale ENG"]
[Date "2007.09.16"]
[Round "2.2"]
[White "Foster, James J"]
[Black "Purton, Ben J"]
[Result "1/2-1/2"]
[WhiteElo "2096"]
[BlackElo "2119"]
[PlyCount "22"]
[EventDate "2007.09.16"]
[EventType "team"]
[EventRounds "11"]
[EventCountry "ENG"]
[SourceDate "2007.09.15"]
[WhiteTeam "Slough Sharks 3"]
[BlackTeam "Slough Sharks 2"]

1. c4 e5 2. Nc3 Nc6 3. g3 d6 4. Bg2 g6 5. e4 Bg7 6. Nge2 Nge7 7. O-O O-O 8. d3
f5 9. f4 Nd4 10. Nxd4 exd4 11. Ne2 c6 1/2-1/2

[Event "4NCL/Div3/SLOS2 vs. SLOS3"]
[Site "Sunningdale ENG"]
[Date "2007.09.16"]
[Round "2.3"]
[White "Harborne, Matthew"]
[Black "Edgell, Ben P"]
[Result "1/2-1/2"]
[WhiteElo "2136"]
[BlackElo "2069"]
[PlyCount "46"]
[EventDate "2007.09.16"]
[EventType "team"]
[EventRounds "11"]
[EventCountry "ENG"]
[SourceDate "2007.09.15"]
[WhiteTeam "Slough Sharks 2"]
[BlackTeam "Slough Sharks 3"]

1. e4 e5 2. Nf3 Nc6 3. Bb5 Nf6 4. O-O Nxe4 5. d4 Nd6 6. Bxc6 dxc6 7. dxe5 Nf5
8. Qe2 Nd4 9. Nxd4 Qxd4 10. Rd1 Bg4 11. Rxd4 Bxe2 12. Nc3 Bh5 13. Bg5 Bc5 14.
Rh4 Bg6 15. Na4 Bf8 16. c4 b6 17. b3 Bf5 18. Rd4 h6 19. Bh4 g5 20. Bg3 Rd8 21.
Rad1 Rxd4 22. Rxd4 Bb4 23. Rd1 Ke7 1/2-1/2

[Event "4NCL/Div3/SLOS2 vs. SLOS3"]
[Site "Sunningdale ENG"]
[Date "2007.09.16"]
[Round "2.4"]
[White "de Coverly, Roger"]
[Black "Linford, Charles"]
[Result "1-0"]
[WhiteElo "2086"]
[BlackElo "2132"]
[PlyCount "181"]
[EventDate "2007.09.16"]
[EventType "team"]
[EventRounds "11"]
[EventCountry "ENG"]
[SourceDate "2007.09.15"]
[WhiteTeam "Slough Sharks 3"]
[BlackTeam "Slough Sharks 2"]

1. g3 e6 2. Bg2 d5 3. c4 Nf6 4. Nf3 Be7 5. O-O O-O 6. d4 c5 7. cxd5 Nxd5 8.
dxc5 Bxc5 9. Qc2 Na6 10. Ng5 Nf6 11. a3 Qc7 12. Nc3 Bd7 13. e4 h6 14. Nf3 e5
15. h3 Rac8 16. Qe2 Bd4 17. Nxd4 exd4 18. Bf4 Qb6 19. e5 dxc3 20. exf6 cxb2 21.
Rab1 Bb5 22. Qxb2 Bxf1 23. Qxb6 axb6 24. fxg7 Rfe8 25. Kxf1 Nc5 26. Bxh6 Re6
27. Be3 Kxg7 28. h4 Ra8 29. Bh3 Rd6 30. Bf4 Rd5 31. Bg2 Rd3 32. Rxb6 Raxa3 33.
Bxb7 Nxb7 34. Rxb7 Kg6 35. Rb5 f5 36. Rb6+ Kh7 37. Rf6 Rd5 38. Kg2 Ra7 39. Kh3
Kg7 40. Rc6 Rf7 41. h5 Kh7 42. Rc8 Rd1 43. Kg2 Rd5 44. Rc6 Kg7 45. Kh3 Kh7 46.
Kh4 Rg7 47. Rh6+ Kg8 48. Rg6 Rxg6 49. hxg6 Kg7 50. Kg5 Rb5 51. Be3 f4+ 52. Kxf4
Kxg6 53. Kg4 Ra5 54. f4 Rh5 55. Bd4 Rf5 56. Kf3 Rh5 57. g4 Rh1 58. f5+ Kg5 59.
Be3+ Kf6 60. Ke4 Re1 61. g5+ Kf7 62. Kf4 Rd1 63. Kg4 Rd5 64. Bf2 Kg7 65. g6 Rd6
66. Kg5 Rd5 67. Be1 Rc5 68. Bd2 Kg8 69. Kf6 Rc6+ 70. Ke5 Rc5+ 71. Ke6 Rc6+ 72.
Ke5 Rc5+ 73. Kf4 Rc4+ 74. Kg5 Rc5 75. Bb4 Rb5 76. Be7 Kg7 77. Kf4 Rb6 78. Kg5
Rb5 79. Ba3 Ra5 80. Bb4 Rb5 81. Bc3+ Kg8 82. Kf4 Rb3 83. Bd4 Rb4 84. Ke4 Rb1
85. f6 Rf1 86. Ke5 Re1+ 87. Kf5 Rc1 88. Be5 Rc6 89. Bf4 Rb6 90. f7+ Kg7 91.
Bh6+ 1-0

[Event "4NCL/Div3/SLOS2 vs. SLOS3"]
[Site "Sunningdale ENG"]
[Date "2007.09.16"]
[Round "2.5"]
[White "Ruston, Mark R"]
[Black "Sparkes, Daniel A"]
[Result "1-0"]
[WhiteElo "2116"]
[BlackElo "1985"]
[PlyCount "66"]
[EventDate "2007.09.16"]
[EventType "team"]
[EventRounds "11"]
[EventCountry "ENG"]
[SourceDate "2007.09.15"]
[WhiteTeam "Slough Sharks 2"]
[BlackTeam "Slough Sharks 3"]

1. e4 c5 2. Nc3 g6 3. g3 Nc6 4. Bg2 Bg7 5. d3 d6 6. Be3 Nf6 7. h3 Bd7 8. Nge2
Rb8 9. a4 a6 10. f4 b5 11. axb5 axb5 12. Qd2 b4 13. Nd1 O-O 14. O-O Ne8 15. g4
Nc7 16. f5 e5 17. g5 f6 18. gxf6 Bxf6 19. Bh6 Bg7 20. Bg5 Bf6 21. Bxf6 Rxf6 22.
Ne3 gxf5 23. exf5 Kh8 24. Ng3 Rf8 25. Ne4 Nd4 26. Nxd6 Qe7 27. Ndc4 Nxf5 28.
Nxf5 Rxf5 29. Rxf5 Bxf5 30. Ra7 Qd7 31. Qe3 Re8 32. Kh2 Qc8 33. Qxc5 Ne6 1-0

[Event "4NCL/Div3/SLOS2 vs. SLOS3"]
[Site "Sunningdale ENG"]
[Date "2007.09.16"]
[Round "2.6"]
[White "Makepeace, Philip J"]
[Black "Nelson, Omowale"]
[Result "0-1"]
[WhiteElo "1978"]
[BlackElo "2080"]
[PlyCount "134"]
[EventDate "2007.09.16"]
[EventType "team"]
[EventRounds "11"]
[EventCountry "ENG"]
[SourceDate "2007.09.15"]
[WhiteTeam "Slough Sharks 3"]
[BlackTeam "Slough Sharks 2"]

1. e4 c6 2. d4 d5 3. Nc3 dxe4 4. Nxe4 Bf5 5. Ng3 Bg6 6. h4 h6 7. h5 Bh7 8. Nf3
Nf6 9. Bd3 Bxd3 10. Qxd3 Nbd7 11. O-O e6 12. Re1 Be7 13. c4 O-O 14. Bf4 Qa5 15.
Ne5 Rad8 16. Nxd7 Rxd7 17. Bd2 Bb4 18. Bxb4 Qxb4 19. Qc3 Qd6 20. Rad1 Qf4 21.
Qa5 Ng4 22. Qd2 Qxd2 23. Rxd2 Rfd8 24. Re4 Nf6 25. Rh4 Kf8 26. f3 b5 27. b3
bxc4 28. bxc4 c5 29. Ne2 Rb8 30. Rc2 Rb4 31. dxc5 Rc7 32. Nc1 Rxc5 33. Nd3 Rb1+
34. Kf2 Rxh5 35. Rxh5 Nxh5 36. Nb2 Nf6 37. Ke2 Ke7 38. Kd2 h5 39. Kc3 h4 40.
Kb4 Nd7 41. Kb5 Ne5 42. Ka6 Nc6 43. Kb7 Nb4 44. Rd2 Nd3 45. Rxd3 Rxb2+ 46. Kc6
Rxg2 47. f4 Rg3 48. Rd2 h3 49. Rh2 Rc3 50. c5 f6 51. Rd2 g5 52. fxg5 fxg5 53.
Rd7+ Kf6 54. Rh7 g4 55. Kd6 Rd3+ 56. Kc7 e5 57. c6 Rc3 58. Kb7 e4 59. c7 e3 60.
Rh6+ Kg5 61. Rc6 Rxc6 62. Kxc6 h2 63. c8=Q h1=Q+ 64. Kd6 Qe4 65. Qc5+ Kf4 66.
Qxa7 Kf3 67. Qa3 Kg2 0-1

[Event "4NCL/Div3/SLOS2 vs. SLOS3"]
[Site "Sunningdale ENG"]
[Date "2007.09.16"]
[Round "2.7"]
[White "Armstrong, Malcolm"]
[Black "Woods, Connor"]
[Result "1-0"]
[WhiteElo "2126"]
[BlackElo "1872"]
[PlyCount "43"]
[EventDate "2007.09.16"]
[EventType "team"]
[EventRounds "11"]
[EventCountry "ENG"]
[SourceDate "2007.09.15"]
[WhiteTeam "Slough Sharks 2"]
[BlackTeam "Slough Sharks 3"]

1. d4 Nf6 2. Nf3 c5 3. c3 g6 4. Bg5 Bg7 5. g3 Ne4 6. Be3 O-O 7. Bg2 d5 8. O-O
Nc6 9. dxc5 e5 10. Nfd2 f5 11. Nxe4 fxe4 12. Qd2 d4 13. Bg5 Qd5 14. cxd4 exd4
15. Nc3 Qe5 16. Nxe4 Bf5 17. Bf4 Qe8 18. Nd6 Qe7 19. Nxf5 Rxf5 20. Bd6 Qd7 21.
Bh3 Re8 22. Qd3 1-0

[Event "4NCL/Div3/NWE2 vs. FCA1"]
[Site "Sunningdale ENG"]
[Date "2007.09.16"]
[Round "2.1"]
[White "Kennaugh, Charles W"]
[Black "Hetey, Laszlo"]
[Result "1/2-1/2"]
[WhiteElo "2294"]
[BlackElo "2344"]
[PlyCount "50"]
[EventDate "2007.09.16"]
[EventType "team"]
[EventRounds "11"]
[EventCountry "ENG"]
[SourceDate "2007.09.15"]
[WhiteTeam "North West Eagles 1"]
[BlackTeam "FCA Solutions 1"]

1. e4 Nf6 2. Nc3 d5 3. exd5 Nxd5 4. Bc4 c6 5. Nf3 Bg4 6. h3 Bh5 7. Nxd5 cxd5 8.
Bb5+ Nc6 9. g4 Bg6 10. Ne5 Qc7 11. f4 Be4 12. Rf1 f6 13. Nxc6 bxc6 14. Ba4 h5
15. gxh5 e6 16. b3 Bd6 17. Qe2 Bf5 18. Qf3 O-O-O 19. Bb2 Rh6 20. c4 Be4 21. Qg4
Bf5 22. Qf3 Be4 23. Qg4 Bd3 24. Rg1 Bxf4 25. Qxe6+ Qd7 1/2-1/2

[Event "4NCL/Div3/NWE2 vs. FCA1"]
[Site "Sunningdale ENG"]
[Date "2007.09.16"]
[Round "2.2"]
[White "Constantinou, Peter"]
[Black "van der Linden, Lukas"]
[Result "1-0"]
[WhiteElo "2173"]
[BlackElo "2270"]
[PlyCount "65"]
[EventDate "2007.09.16"]
[EventType "team"]
[EventRounds "11"]
[EventCountry "ENG"]
[SourceDate "2007.09.15"]
[WhiteTeam "FCA Solutions 1"]
[BlackTeam "North West Eagles 1"]

1. d4 Nf6 2. Bf4 c5 3. e3 b6 4. Nf3 Bb7 5. Bd3 d6 6. c3 Nbd7 7. O-O Nh5 8. Bg5
h6 9. Bh4 g5 10. Nfd2 gxh4 11. Qxh5 e6 12. Qe2 Be7 13. Ba6 Qc8 14. Bxb7 Qxb7
15. Qf3 Qxf3 16. Nxf3 d5 17. Nbd2 Rg8 18. a4 a6 19. Kh1 Rc8 20. e4 dxe4 21.
Nxe4 Nf6 22. Rae1 cxd4 23. Nxd4 Nd5 24. f4 Bc5 25. Nf5 Kf8 26. Nxh4 Be7 27. Nf3
f5 28. Ned2 Nxf4 29. Nd4 Nxg2 30. Rxe6 f4 31. Rf2 Bc5 32. Rxg2 Bxd4 33. Rxg8+
1-0

[Event "4NCL/Div3/NWE2 vs. FCA1"]
[Site "Sunningdale ENG"]
[Date "2007.09.16"]
[Round "2.3"]
[White "Hughes, Howard R"]
[Black "Tippleston, Charles"]
[Result "0-1"]
[WhiteElo "2213"]
[BlackElo "2178"]
[PlyCount "158"]
[EventDate "2007.09.16"]
[EventType "team"]
[EventRounds "11"]
[EventCountry "ENG"]
[SourceDate "2007.09.15"]
[WhiteTeam "North West Eagles 1"]
[BlackTeam "FCA Solutions 1"]

1. e4 c5 2. d4 cxd4 3. c3 Nf6 4. e5 Nd5 5. Nf3 Nc6 6. Bc4 Nb6 7. Bb3 d5 8. cxd4
Bg4 9. Be3 e6 10. O-O Be7 11. Nbd2 O-O 12. Bc2 Nb4 13. Bb1 Bh5 14. a3 Nc6 15.
Re1 a5 16. b3 a4 17. b4 Na7 18. Qe2 Qd7 19. Bd3 Bg6 20. Bg5 Rfc8 21. Bxe7 Qxe7
22. Rec1 Bxd3 23. Qxd3 Nd7 24. Ne1 Qd8 25. f4 g6 26. g4 Rxc1 27. Rxc1 Rc8 28.
Rxc8 Qxc8 29. f5 exf5 30. gxf5 Nf8 31. Nb1 Qc1 32. Kf2 gxf5 33. Nf3 Nc6 34.
Nbd2 Ne7 35. Qb5 Qxa3 36. Qxb7 Nfg6 37. Qb8+ Kg7 38. Qd6 f4 39. Qf6+ Kg8 40.
Ng5 Qe3+ 41. Kf1 Qd3+ 42. Ke1 Qf5 43. b5 Qxf6 44. exf6 Nc8 45. Ngf3 Nf8 46. Ne5
Nb6 47. Nb1 Ne6 48. Nc6 Nc7 49. Na3 Ne8 50. Ke2 Nxf6 51. Kf3 Ne8 52. Kxf4 f6
53. Ke3 Kf7 54. Kd3 Nd6 55. Kc3 Nbc4 56. Kb4 Nxa3 57. Kxa3 Nxb5+ 58. Kxa4 Nc7
59. Kb4 Ke6 60. Kc5 f5 61. Nd8+ Kf6 62. Kd6 f4 63. Nc6 Kf5 64. Ne5 Ne8+ 65.
Kxd5 Nf6+ 66. Kc5 Ke4 67. Nc4 Nd7+ 68. Kd6 Kxd4 69. Nd2 Nc5 70. Ke7 h5 71. Nf1
Ke5 72. Nd2 Kf5 73. h3 Ne4 74. Nf3 Ng5 75. Nh4+ Ke4 76. Kf6 Nf3 77. Ng2 Ng1 78.
Nh4 f3 79. Nf5 Kf4 0-1

[Event "4NCL/Div3/NWE2 vs. FCA1"]
[Site "Sunningdale ENG"]
[Date "2007.09.16"]
[Round "2.4"]
[White "Reuben, Stewart"]
[Black "Lyell, Mark"]
[Result "0-1"]
[WhiteElo "2144"]
[BlackElo "2187"]
[PlyCount "138"]
[EventDate "2007.09.16"]
[EventType "team"]
[EventRounds "11"]
[EventCountry "ENG"]
[SourceDate "2007.09.15"]
[WhiteTeam "FCA Solutions 1"]
[BlackTeam "North West Eagles 1"]

1. c4 b6 2. Nc3 Bb7 3. e4 e5 4. f4 Bb4 5. Nf3 Nf6 6. fxe5 Nxe4 7. Nxe4 Bxe4 8.
a3 Be7 9. d4 O-O 10. Bd3 f5 11. O-O Nc6 12. Be3 d6 13. exd6 Bxd6 14. Bxe4 fxe4
15. Ng5 h6 16. Nxe4 Bxh2+ 17. Kxh2 Qh4+ 18. Kg1 Rxf1+ 19. Qxf1 Qxe4 20. Qf4 Re8
21. Qxe4 Rxe4 22. Kf2 Nxd4 23. Rc1 c5 24. b4 Nf5 25. Bd2 Nd6 26. bxc5 bxc5 27.
Be3 Re7 28. Kf3 Rf7+ 29. Ke2 Rf5 30. Kd3 Nf7 31. Rb1 Ne5+ 32. Ke4 Rh5 33. Bxc5
Nxc4 34. Rb8+ Kf7 35. Bxa7 Ra5 36. Bd4 Nd6+ 37. Kf4 g5+ 38. Kg4 Rxa3 39. Bc5
Ra4+ 40. Kf3 Ne4 41. Be3 Kg6 42. Rb6+ Nf6 43. Bc1 Kf5 44. Rb5+ Ke6 45. Rb6+ Ke7
46. g3 g4+ 47. Ke2 Ra2+ 48. Kd3 Rh2 49. Rb7+ Ke6 50. Rb6+ Kf5 51. Rb5+ Kg6 52.
Bf4 Rf2 53. Rb6 h5 54. Be5 Rf5 55. Kd4 Kg5 56. Rb7 Rf1 57. Rb3 Re1 58. Bf4+ Kg6
59. Be3 Rf1 60. Rd3 Rf3 61. Bd2 Kf5 62. Re3 Rf2 63. Re5+ Kg6 64. Kd3 Rf3+ 65.
Re3 Nd5 66. Rxf3 gxf3 67. Be1 Kf5 68. Kd4 Ne7 69. Bf2 Kg4 0-1

[Event "4NCL/Div3/NWE2 vs. FCA1"]
[Site "Sunningdale ENG"]
[Date "2007.09.16"]
[Round "2.5"]
[White "Redmond, John"]
[Black "Freeman, Richard C P"]
[Result "1-0"]
[WhiteElo "2212"]
[BlackElo "2097"]
[PlyCount "57"]
[EventDate "2007.09.16"]
[EventType "team"]
[EventRounds "11"]
[EventCountry "ENG"]
[SourceDate "2007.09.15"]
[WhiteTeam "North West Eagles 1"]
[BlackTeam "FCA Solutions 1"]

1. f4 g6 2. Nf3 Bg7 3. e3 d6 4. d4 Nh6 5. Bc4 O-O 6. O-O Nd7 7. e4 c5 8. c3 Qc7
9. d5 Nb6 10. Be2 Bg4 11. Ng5 Bd7 12. a4 Rae8 13. c4 e6 14. a5 Nc8 15. Nc3 Ne7
16. dxe6 fxe6 17. Nb5 Bxb5 18. Nxe6 Qc8 19. Nxg7 Kxg7 20. cxb5 Qe6 21. Bf3 Rd8
22. Re1 Qc4 23. b3 Qxb5 24. Bb2+ Kg8 25. Qc2 Nc6 26. Be2 Qb4 27. Bc4+ Nf7 28.
Bc3 Nd4 29. Qb2 1-0

[Event "4NCL/Div3/NWE2 vs. FCA1"]
[Site "Sunningdale ENG"]
[Date "2007.09.16"]
[Round "2.6"]
[White "Fraser-Mitchell, Jeremy"]
[Black "Williamson, Roger"]
[Result "0-1"]
[WhiteElo "2097"]
[BlackElo "2129"]
[PlyCount "74"]
[EventDate "2007.09.16"]
[EventType "team"]
[EventRounds "11"]
[EventCountry "ENG"]
[SourceDate "2007.09.15"]
[WhiteTeam "FCA Solutions 1"]
[BlackTeam "North West Eagles 1"]

1. d4 d5 2. c4 c6 3. cxd5 cxd5 4. Nf3 Nf6 5. Nc3 Nc6 6. Bf4 a6 7. Rc1 Ne4 8. e3
Nxc3 9. bxc3 e6 10. Bd3 Bd6 11. O-O O-O 12. Bxd6 Qxd6 13. Ng5 h6 14. Qh5 e5 15.
f3 f5 16. Nh3 f4 17. exf4 exd4 18. cxd4 Bxh3 19. Qxh3 Rxf4 20. g3 Rxd4 21. Qf5
Qf6 22. Qh7+ Kf7 23. f4 Re8 24. Rfe1 Rxe1+ 25. Rxe1 Ne7 26. Re5 Ke8 27. Bf5 Kd8
28. Bg4 Rd2 29. Qb1 Qc6 30. Qe1 Qc5+ 31. Kh1 Rxa2 32. Bf3 Qa3 33. Re3 Ra1 34.
Rxa3 Rxe1+ 35. Kg2 Re6 36. Rb3 b5 37. Rc3 Rd6 0-1

[Event "4NCL/Div3/NWE2 vs. FCA1"]
[Site "Sunningdale ENG"]
[Date "2007.09.16"]
[Round "2.7"]
[White "Morrison, Lynne"]
[Black "Elwin, Adrian G"]
[Result "0-1"]
[WhiteElo "1948"]
[BlackElo "2044"]
[PlyCount "122"]
[EventDate "2007.09.16"]
[EventType "team"]
[EventRounds "11"]
[EventCountry "ENG"]
[SourceDate "2007.09.15"]
[WhiteTeam "North West Eagles 1"]
[BlackTeam "FCA Solutions 1"]

1. d4 Nf6 2. Nf3 g6 3. Bg5 Bg7 4. c3 d6 5. Nbd2 Nbd7 6. e4 e5 7. dxe5 dxe5 8.
Bc4 O-O 9. O-O c6 10. Re1 Qc7 11. Nf1 Nc5 12. Ng3 Be6 13. Qe2 Bxc4 14. Qxc4 Ne6
15. Be3 Ng4 16. Rad1 Rad8 17. Bc1 b5 18. Qb3 Nf6 19. Be3 Nd7 20. Rd2 Nb6 21.
Rxd8 Rxd8 22. Rd1 Rxd1+ 23. Qxd1 Nc4 24. Bc1 Qd6 25. Qc2 Nb6 26. Ne2 Nc5 27.
Ng3 Qd3 28. Ne1 Qxc2 29. Nxc2 Nd3 30. Ne2 Na4 31. Be3 Ndxb2 32. Bxa7 Nd1 33.
Nb4 Ndxc3 34. Nxc3 Nxc3 35. Nxc6 Nxa2 36. Bc5 f6 37. Ne7+ Kf7 38. Nd5 Bh6 39.
Kf1 Bd2 40. Ke2 Ba5 41. Kd3 Nc1+ 42. Kc2 Ne2 43. Kd3 Nf4+ 44. Nxf4 exf4 45. Kc2
Ke6 46. Kd3 f5 47. exf5+ Kxf5 48. Bd4 Bb4 49. f3 Bd6 50. Kc2 Ke6 51. Kd3 Kd5
52. Bb2 b4 53. Bd4 Be5 54. Bf2 b3 55. g3 fxg3 56. hxg3 h5 57. g4 hxg4 58. fxg4
b2 59. Kc2 Ke4 60. Bg1 g5 61. Bc5 Kf4 0-1